00517 a2200145 4500020001500000020001800015100001100033245005200044260004400096300001100140500001500151650003600166856008200202856008700284 a0074519794 a97800745197901 aVohra.10aQuantitative techniques in management /cVohra. a[S.l.] :bMcGraw-Hill Education,c1990. a752 p. aPaperback. 4aBusiness mathematics & systems.403Amazon.comuhttp://www.amazon.com/exec/obidos/ASIN/0074519794/chopaconline-20403Amazon customer reviewsuhttp://www.chopac.org/cgi-bin/tools/azrev.pl?q=0074519794